| 000 | 00780nam a2200229Ia 4500 | ||
|---|---|---|---|
| 003 | ARRUPE | ||
| 005 | 20170116090648.0 | ||
| 008 | 130303s9999 xx 000 0 und d | ||
| 020 | _a038500768X | ||
| 040 | _cARRUPELIB | ||
| 050 | _aBS1565.3A544 | ||
| 100 |
_aAndersen , Francis I. _928370 |
||
| 245 |
_aHosea : a new translation with introduction and commentary _ba new translation with introduction and commentary _cby Andersen , Francis I. and Freedman , David Noel |
||
| 250 | _a2nd ed. | ||
| 260 |
_aNew york _bDoubleday & Co. _c1980 |
||
| 300 |
_axiii, 699p.; _c24cm. |
||
| 300 | _b | ||
| 440 |
_aThe anchor bible series; v. 24 _928374 |
||
| 650 |
_aBIBLE OT. Hosea _xCommentaries _928375 |
||
| 700 |
_aFreedman , David Noel _916560 |
||
| 942 |
_2lcc _cMONOGRAPH |
||
| 999 |
_c26271 _d26271 |
||